00450nam a2200157Ia 4500008004100000082002400041100002100065245004300086250000600129260002100135300000800156600002100164630004300185700002100228730004300249151018s9999 xx 000 0 und d bRBASDV36054a954.14 aSivanath Sastri aA history of the Renaissance in Bengal b1 bRenissancec2002 a216 aSivanath Sastri aA history of the Renaissance in Bengal aSivanath Sastri aA history of the Renaissance in Bengal